000 00946cab a2200265 4500
001 ABS55552
008 090401t1996 xxu||||| |||| 00| 0 eng d
035 _a(Sirsi) u17280
041 _aeng
100 _aJessel, C.
245 _aPrivate-sector lettings
260 _c1996
350 _a0
490 _aEstates Gazette
_v(9631) 3 August 1996, 80-81(2)
520 _aSummaries the implications of the Housing Act 1996 for private landlords and tenants with particular reference to service charges and the removal of the low rent test for enfranchisement and lease extension purposes.
650 _aASSURED TENANCIES
650 _aCOLLECTIVE ENFRANCHISEMENT
650 _aHOUSING ACT 1996
650 _aLEASEHOLD ENFRANCHISEMENT
650 _aPRIVATE LANDLORDS
650 _aSERVICE CHARGES
690 _aPROPERTY-RESIDENTIAL PROPERTY-RESIDENTIAL LANDLORD AND TENANT-RESIDENTIAL TENANCIES
942 _n0
948 _c04/03/1997
999 _c11459
_d11459